| 000 | 00402cam a22001217a 4500 | ||
|---|---|---|---|
| 008 | 180718b1989 xxu||||| |||| 00| 0 eng d | ||
| 082 | _aZ000x54 B541 CRS | ||
| 100 | _aBisht, Devendra Singh | ||
| 245 |
_aAgricultural development in India: innovation, diffusion and modernisation _cby Devendra Singh Bisht |
||
| 260 |
_aDelhi _bAnmol _c1989 |
||
| 300 | _a332p. | ||
| 650 | _aAgricultural development - India | ||
| 999 |
_c342124 _d342124 |
||